<?xml version="1.0" encoding="UTF-8"?>
<record
    xmlns:xsi="http://www.w3.org/2001/XMLSchema-instance"
    xsi:schemaLocation="http://www.loc.gov/MARC21/slim http://www.loc.gov/standards/marcxml/schema/MARC21slim.xsd"
    xmlns="http://www.loc.gov/MARC21/slim">

  <leader>01573nam a22002177a 4500</leader>
  <controlfield tag="005">20260128095921.0</controlfield>
  <controlfield tag="008">240130b           ||||| |||| 00| 0 eng d</controlfield>
  <datafield tag="020" ind1=" " ind2=" ">
    <subfield code="a">9789356997219</subfield>
  </datafield>
  <datafield tag="040" ind1=" " ind2=" ">
    <subfield code="c">AL</subfield>
  </datafield>
  <datafield tag="041" ind1=" " ind2=" ">
    <subfield code="a">English</subfield>
  </datafield>
  <datafield tag="082" ind1=" " ind2=" ">
    <subfield code="2">23</subfield>
    <subfield code="a">813.6</subfield>
    <subfield code="b">SANR</subfield>
  </datafield>
  <datafield tag="100" ind1=" " ind2=" ">
    <subfield code="a">Ashwin Sanghi</subfield>
    <subfield code="9">252899</subfield>
  </datafield>
  <datafield tag="245" ind1=" " ind2=" ">
    <subfield code="a">Razor Sharp</subfield>
  </datafield>
  <datafield tag="260" ind1=" " ind2=" ">
    <subfield code="a">Haryana</subfield>
    <subfield code="b">HarperCollins Publishers</subfield>
    <subfield code="c">2024</subfield>
  </datafield>
  <datafield tag="300" ind1=" " ind2=" ">
    <subfield code="a">313p</subfield>
    <subfield code="b">PB</subfield>
    <subfield code="c">19.7x13cm</subfield>
  </datafield>
  <datafield tag="365" ind1=" " ind2=" ">
    <subfield code="a">7442</subfield>
    <subfield code="b">&#x20B9;319.00</subfield>
    <subfield code="c">&#x20B9;</subfield>
    <subfield code="d">&#x20B9;399.00</subfield>
    <subfield code="e">20%</subfield>
    <subfield code="f">27-01-2024</subfield>
  </datafield>
  <datafield tag="520" ind1=" " ind2=" ">
    <subfield code="a">A baffling crime. A rundown ex-cop. But he&#x2019;s their best bet.
A city on edge
A ruthless serial killer stalks the streets of Mumbai, leaving behind a gruesome trail of tortured victims. As the city reels in terror, the authorities grapple with a vital question: What links these seemingly random targets?
A dogged investigator
Enter Prakash Kadam, once a decorated cop but now an angry, bitter wreck of a man haunted by his past. Summoned to put an end to the madness, he finds himself neck-deep in an investigation mired in police sluggishness and antiquated forensics.
A deadly game

As old enmities resurface and perplexing twists in the case push him to the limit, can Kadam find the killer before it is too late? Or will he lose someone close to him&#x2014;again?
With Razor Sharp, the first book in an exciting new series, Ashwin Sanghi demonstrates yet again his undisputed mastery at weaving complex, gripping thrillers that keep readers on the edge of their seats.
</subfield>
  </datafield>
  <datafield tag="650" ind1=" " ind2=" ">
    <subfield code="a">English Fiction</subfield>
    <subfield code="9">149298</subfield>
  </datafield>
  <datafield tag="650" ind1=" " ind2=" ">
    <subfield code="a">A Kutta Kadam Thriller</subfield>
    <subfield code="9">149299</subfield>
  </datafield>
  <datafield tag="942" ind1=" " ind2=" ">
    <subfield code="2">ddc</subfield>
    <subfield code="c">BK</subfield>
  </datafield>
  <datafield tag="999" ind1=" " ind2=" ">
    <subfield code="c">229688</subfield>
    <subfield code="d">229688</subfield>
  </datafield>
  <datafield tag="952" ind1=" " ind2=" ">
    <subfield code="0">0</subfield>
    <subfield code="1">0</subfield>
    <subfield code="2">ddc</subfield>
    <subfield code="4">0</subfield>
    <subfield code="7">0</subfield>
    <subfield code="8">ENG</subfield>
    <subfield code="a">AL</subfield>
    <subfield code="b">AL</subfield>
    <subfield code="d">2024-01-29</subfield>
    <subfield code="e">Biblios Book Point Surathkal Mangalore 575014</subfield>
    <subfield code="g">319.00</subfield>
    <subfield code="l">6</subfield>
    <subfield code="o">813.6 SANR</subfield>
    <subfield code="p">077067</subfield>
    <subfield code="r">2026-02-16 09:39:34</subfield>
    <subfield code="s">2026-02-05</subfield>
    <subfield code="v">399.00</subfield>
    <subfield code="w">2024-01-30</subfield>
    <subfield code="y">BK</subfield>
  </datafield>
</record>
